00349nam a22001337a 4500003000400000008004100004020001800045082001400063100002100077245004300098260003600141300001100177650002700188OSt250410b |||||||| |||| 00| 0 eng d a9788119613663 a615.4 CHA aChauhan, Deepesh aAll-in-One Practical Book For B.Pharma aN.DelhibIP Innvative pubc2025 axv,159 aPHARMACY GENERAL BOOKS